Loading...
| Science - Other Science | 3 | 2 | 0 | 0 | 65 | 53 | 76.60 | 2 | 5 |
| Science - Physics | 1 | 5 | 0 | 1 | 65 | 36 | 99.33 | 1 | 5 |
| Literature - British Literature | 1 | 3 | 0 | 0 | 45 | 49 | 106.00 | 1 | 4 |
| Literature - World Literature | 0 | 4 | 0 | 0 | 40 | 77 | 108.00 | 2 | 4 |
| Literature - European Literature | 1 | 1 | 0 | 0 | 25 | 30 | 59.00 | 1 | 2 |
| Social Science | 0 | 2 | 1 | 1 | 15 | 69 | 101.00 | 1 | 2 |
| Fine Arts - Other Arts | 0 | 2 | 1 | 0 | 15 | 85 | 99.00 | 1 | 2 |
| Literature - American Literature | 0 | 2 | 1 | 0 | 15 | 96 | 108.50 | 1 | 2 |
| Science - Biology | 0 | 1 | 0 | 1 | 10 | 116 | 116.00 | 0 | 1 |
| Science - Chemistry | 0 | 1 | 0 | 0 | 10 | 119 | 119.00 | 0 | 1 |
| Current Events | 0 | 1 | 0 | 0 | 10 | 103 | 103.00 | 0 | 1 |
| Geography | 0 | 1 | 0 | 0 | 10 | 84 | 84.00 | 1 | 1 |
| Beliefs | 0 | 1 | 0 | 0 | 10 | 120 | 120.00 | 0 | 0 |
| History - Ancient History | 0 | 0 | 0 | 0 | 0 | 0.00 | 0 | 0 | |
| Auditory Arts | 0 | 0 | 1 | 0 | -5 | 0.00 | 0 | 0 | |
| History - American History | 0 | 0 | 1 | 0 | -5 | 0.00 | 0 | 0 | |
| Other Academic | 0 | 0 | 1 | 0 | -5 | 0.00 | 0 | 0 | |
| History - European History | 0 | 0 | 1 | 0 | -5 | 0.00 | 0 | 0 | |
| Philosophy | 0 | 0 | 5 | 0 | -25 | 0.00 | 0 | 0 |